QUEST Central Library Banner

Modern Economic Development (Record no. 3296)

MARC details
000 -LEADER
fixed length control field 00474nam a2200169 a 4500
020 ## - INTERNATIONAL STANDARD BOOK NUMBER
ISBN 0852265980 (paperback)
020 ## - INTERNATIONAL STANDARD BOOK NUMBER
ISBN 9780852265987 (paperback)
082 ## - DEWEY DECIMAL CLASSIFICATION NUMBER
Classification number 330MUK
100 1# - MAIN ENTRY--AUTHOR NAME
Personal name Mukherjee,
245 10 - TITLE STATEMENT
Title Modern Economic Development
260 ## - PUBLICATION, DISTRIBUTION, ETC. (IMPRINT)
Place of publication India
Name of publisher John Wiley and Sons Ltd,
Year of publication 1985.
300 ## - PHYSICAL DESCRIPTION
Number of Pages 122 p.
650 ## - SUBJECT ADDED ENTRY--TOPICAL TERM
Topical Term Economics
856 40 - ELECTRONIC LOCATION AND ACCESS
Uniform Resource Identifier http://www.amazon.com/exec/obidos/ASIN/0852265980/chopaconline-20
942 ## - ADDED ENTRY ELEMENTS (KOHA)
Koha item type Books
Holdings
Withdrawn status Lost status Home library Current library Date acquired Cost, normal purchase price Full call number Accession Number Koha item type Collection code
    Central Library, QUEST, Nawabshah Central Library, QUEST, Nawabshah 16/05/2014 40.00 330.MUK 13232 Books  
    Central Library, QUEST, Nawabshah Central Library, QUEST, Nawabshah 16/05/2014 40.00 330.MUK 13233 Books  
    Central Library, QUEST, Nawabshah Central Library, QUEST, Nawabshah 16/05/2014 40.00 330.MUK 13235 Books  
  Lost and Paid For Central Library, QUEST, Nawabshah Central Library, QUEST, Nawabshah 16/05/2014 40.00 330.MUK 13236 Books  
    Reference Section Reference Section 16/05/2014 40.00 330.MUK (Shelf - 21D) 13234 Books Reference
    Reference Section Reference Section 16/05/2014 40.00 330.MUK (Shelf - 21D) 13237 Books Reference

Copyright © 2018,The QUEST, Nawabshah, Shaheed Benazirabad. All rights reserved
Mr. G. Farooq Channar (Librarian) QUEST, Nawabshah, Sindh, Pakistan 67480.
 Ph#: |   0244-9370381-4 Ext. 2308   Email| lib@quest.edu.pk   Web|  http://www.quest.edu.pk